Vývoj statistické teorie na území Československa do roku 1848

Enregistré dans:
Détails bibliographiques
Auteur principal: Závodský, Prokop
Format: Livre
Langue:tchèque
Publié: Praha Federální statistický úřad 1992
Sujets:
Tags: Ajouter un tag
Pas de tags, Soyez le premier à ajouter un tag!

MARC

LEADER 00000nam a2200000 4500
001 c001860
005 20260226125002.0
041 0 |a cze 
044 |a CZ 
245 1 0 |a Vývoj statistické teorie na území Československa do roku 1848  |c Prokop Závodský 
264 1 |a Praha  |b Federální statistický úřad  |c 1992 
300 |a 191 s. 
610 2 0 |a teória štatistiky 
610 2 0 |a štatistika 
610 2 0 |a história 
610 2 0 |a 1750-1848 
610 2 0 |a školy vysoké 
610 2 0 |a odbory študijné 
610 2 0 |a Európa 
100 1 |a Závodský, Prokop